Flustered By A Flag 2 - Statistics

General Stats
  • This quiz has been taken 8 times
  • The average score is 7 of 14
Answer Stats
Picture Answer % Correct
Australia
100%
New Zealand
100%
Cook Islands
63%
Fiji
63%
Niue
50%
Tuvalu
50%
Anguilla
38%
Bermuda
38%
British Virgin Islands
38%
Falkland Islands
38%
Montserrat
38%
Pitcairn Islands
38%
Turks and Caicos Islands
38%
Cayman Islands
25%
No matching quizzes found
Score Distribution
Percent of People with Each Score
Percentile by Number Answered
Your Score History
You have not taken this quiz